| 000 | 00617nam a2200193Ia 4500 | ||
|---|---|---|---|
| 003 | GCL | ||
| 008 | 140319s9999 xx 000 0 ara d | ||
| 040 |
_aGCL / _cGCL |
||
| 082 | 0 | 4 |
_a371.3078 _bف ت |
| 100 | 1 | _aفتح الباب عبدالحليم سيد | |
| 245 | 1 | 0 |
_aتوظيف تكنولوجيا التعلم / _cفتح الباب عبدالحليم سيد |
| 260 |
_a[S.N] : _bفؤاد هاشم الكتبى ، _c1991 |
||
| 300 | _a266 ص | ||
| 490 | _a | ||
| 650 | 0 | 4 | _aالتعليم |
| 650 | 0 | 4 | _aتكنولوجيا |
| 650 | 0 | 4 | _aالتعليم - وسائل سمعية و بصرية |
| 942 |
_2ddc _cBK |
||
| 999 |
_c28219 _d28219 |
||